[Event "Campeonato de España Rapid 2017"]
[Site "Linares"]
[Date "2017.08.13"]
[Round "2"]
[White "Iglesias Leon, Francisco J."]
[Black "Bruzon Batista, Lazaro"]
[Result "0-1"]
[Board "5"]
[WhiteElo "2256"]
[WhiteCountry "ESP"]
[WhiteFideId "2212544"]
[WhiteEloChange "-2"]
[BlackTitle "GM"]
[BlackElo "2648"]
[BlackCountry "CUB"]
[BlackFideId "3503739"]
[BlackEloChange "1"]

1. Nf3 {[%clk 0:15:05]} Nf6 {[%clk 0:15:03]} 2. b3 {[%clk 0:15:12]} e6 {[%clk
0:14:44]} 3. Bb2 {[%clk 0:15:15]} Be7 {[%clk 0:14:48]} 4. g3 {[%clk 0:15:18]} O-O
{[%clk 0:14:50]} 5. Bg2 {[%clk 0:15:21]} d5 {[%clk 0:14:51]} 6. c4 {[%clk
0:15:23]} c6 {[%clk 0:14:48]} 7. O-O {[%clk 0:15:25]} Nbd7 {[%clk 0:14:50]} 8. d3
{[%clk 0:15:25]} b5 {[%clk 0:14:51]} 9. cxb5 {[%clk 0:14:47]} cxb5 {[%clk
0:14:54]} 10. a3 {[%clk 0:13:57]} Bb7 {[%clk 0:14:53]} 11. b4 {[%clk 0:13:38]}
Qb6 {[%clk 0:14:45]} 12. Qb3 {[%clk 0:13:28]} a5 {[%clk 0:14:10]} 13. Bd4 {[%clk
0:13:16]} Qd6 {[%clk 0:14:11]} 14. bxa5 {[%clk 0:13:02]} Rxa5 {[%clk 0:14:13]}
15. Qb2 {[%clk 0:12:54]} Qa6 {[%clk 0:13:54]} 16. Rc1 {[%clk 0:12:29]} Ra8 {[%clk
0:13:57]} 17. h3 {[%clk 0:09:57]} b4 {[%clk 0:13:43]} 18. a4 {[%clk 0:09:20]}
Rxa4 {[%clk 0:13:37]} 19. Rxa4 {[%clk 0:09:21]} Qxa4 {[%clk 0:13:40]} 20. Rc7
{[%clk 0:08:53]} Ba6 {[%clk 0:13:29]} 21. Ne5 {[%clk 0:08:45]} Nxe5 {[%clk
0:12:12]} 22. Bxe5 {[%clk 0:08:47]} Bd8 {[%clk 0:12:00]} 23. Rc1 {[%clk 0:08:24]}
Rc8 {[%clk 0:11:57]} 24. Rxc8 {[%clk 0:07:55]} Bxc8 {[%clk 0:12:00]} 25. g4
{[%clk 0:07:45]} h6 {[%clk 0:11:50]} 26. Nd2 {[%clk 0:06:48]} Be7 {[%clk
0:11:47]} 27. Nb3 {[%clk 0:06:40]} Bd7 {[%clk 0:11:39]} 28. e4 {[%clk 0:05:58]}
dxe4 {[%clk 0:11:36]} 29. Bxe4 {[%clk 0:05:52]} Nxe4 {[%clk 0:11:36]} 30. dxe4
{[%clk 0:05:56]} f6 {[%clk 0:11:11]} 31. Bd4 {[%clk 0:05:58]} Qc6 {[%clk
0:10:19]} 32. e5 {[%clk 0:05:37]} Qd5 {[%clk 0:09:53]} 33. exf6 {[%clk 0:05:35]}
Bc6 {[%clk 0:09:55]} 34. Kf1 {[%clk 0:05:19]} gxf6 {[%clk 0:09:56]} 35. Qc2
{[%clk 0:03:54]} Kg7 {[%clk 0:08:26]} 36. Nd2 {[%clk 0:02:33]} Bb5+ {[%clk
0:08:23]} 37. Ke1 {[%clk 0:02:31]} Qh1+ {[%clk 0:08:17]} 0-1

[Event "Campeonato de España Rapid 2017"]
[Site "Linares"]
[Date "2017.08.13"]
[Round "2"]
[White "Iturrizaga Bonelli, Eduardo"]
[Black "Torrado Quintela, Julio"]
[Result "1-0"]
[Board "6"]
[WhiteTitle "GM"]
[WhiteElo "2647"]
[WhiteCountry "VEN"]
[WhiteFideId "3901211"]
[WhiteEloChange "1"]
[BlackElo "2240"]
[BlackCountry "ESP"]
[BlackFideId "2218496"]
[BlackEloChange "-2"]

1. Nf3 {[%clk 0:15:09]} Nf6 {[%clk 0:15:08]} 2. c4 {[%clk 0:15:12]} e6 {[%clk
0:15:08]} 3. g3 {[%clk 0:15:09]} d5 {[%clk 0:15:10]} 4. Bg2 {[%clk 0:15:13]} c6
{[%clk 0:15:13]} 5. b3 {[%clk 0:15:06]} Nbd7 {[%clk 0:15:15]} 6. Bb2 {[%clk
0:15:09]} Bd6 {[%clk 0:15:17]} 7. d4 {[%clk 0:15:09]} O-O {[%clk 0:15:16]} 8. O-O
{[%clk 0:15:11]} Re8 {[%clk 0:14:27]} 9. Nc3 {[%clk 0:15:14]} Qe7 {[%clk
0:13:47]} 10. Qc2 {[%clk 0:15:15]} dxc4 {[%clk 0:13:33]} 11. bxc4 {[%clk
0:15:18]} e5 {[%clk 0:13:38]} 12. e3 {[%clk 0:15:11]} c5 {[%clk 0:12:00]} 13.
Rfe1 {[%clk 0:14:58]} Rb8 {[%clk 0:10:27]} 14. Nb5 {[%clk 0:14:36]} e4 {[%clk
0:09:36]} 15. Nd2 {[%clk 0:14:33]} a6 {[%clk 0:09:34]} 16. Nxd6 {[%clk 0:14:33]}
Qxd6 {[%clk 0:09:38]} 17. Nxe4 {[%clk 0:14:37]} Nxe4 {[%clk 0:09:41]} 18. Bxe4
{[%clk 0:14:40]} Nf6 {[%clk 0:09:45]} 19. Bg2 {[%clk 0:14:43]} Ng4 {[%clk
0:09:20]} 20. h3 {[%clk 0:14:29]} Nh6 {[%clk 0:08:40]} 21. Rad1 {[%clk 0:14:32]}
Bf5 {[%clk 0:08:31]} 22. Qc3 {[%clk 0:14:31]} Qg6 {[%clk 0:08:04]} 23. dxc5
{[%clk 0:14:06]} Be4 {[%clk 0:07:18]} 24. f3 {[%clk 0:14:10]} Bc6 {[%clk
0:07:04]} 25. g4 {[%clk 0:14:14]} f6 {[%clk 0:06:56]} 26. e4 {[%clk 0:14:11]} Qg5
{[%clk 0:06:44]} 27. Bc1 {[%clk 0:13:49]} Qxc5+ {[%clk 0:06:15]} 28. Be3 {[%clk
0:13:52]} Qe7 {[%clk 0:05:50]} 29. Bxh6 {[%clk 0:13:45]} gxh6 {[%clk 0:05:54]}
30. c5 {[%clk 0:13:35]} Rbd8 {[%clk 0:05:55]} 31. f4 {[%clk 0:12:21]} Rxd1 {[%clk
0:04:45]} 32. Rxd1 {[%clk 0:12:24]} Rd8 {[%clk 0:04:49]} 33. Rxd8+ {[%clk
0:11:27]} Qxd8 {[%clk 0:04:53]} 34. Bf3 {[%clk 0:11:30]} Kg7 {[%clk 0:04:25]} 35.
Kf2 {[%clk 0:11:24]} Qd7 {[%clk 0:02:51]} 36. Kg3 {[%clk 0:07:58]} Qe6 {[%clk
0:02:55]} 37. Qc2 {[%clk 0:07:48]} Qd7 {[%clk 0:02:42]} 38. Qc3 {[%clk 0:07:48]}
Qe6 {[%clk 0:02:46]} 39. a3 {[%clk 0:06:48]} Qa2 {[%clk 0:01:50]} 40. g5 {[%clk
0:06:35]} hxg5 {[%clk 0:01:54]} 41. fxg5 {[%clk 0:06:39]} Qb1 {[%clk 0:01:22]}
42. gxf6+ {[%clk 0:04:21]} Kf8 {[%clk 0:01:22]} 43. Qe3 {[%clk 0:04:18]} Kf7
{[%clk 0:00:12]} 44. Bh5+ {[%clk 0:04:22]} Ke6 {[%clk 0:00:13]} 45. e5 {[%clk
0:04:12]} Be4 {[%clk 0:00:14]} 46. Bg4+ {[%clk 0:04:10]} Kxe5 {[%clk 0:00:14]}
1-0

[Event "Campeonato de España Rapid 2017"]
[Site "Linares"]
[Date "2017.08.13"]
[Round "2"]
[White "Semenova, Elena"]
[Black "Granda Zuniga, Julio E"]
[Result "0-1"]
[Board "7"]
[WhiteTitle "WIM"]
[WhiteElo "2239"]
[WhiteCountry "RUS"]
[WhiteFideId "24125148"]
[WhiteEloChange "-2"]
[BlackTitle "GM"]
[BlackElo "2644"]
[BlackCountry "PER"]
[BlackFideId "3800024"]
[BlackEloChange "1"]

1. e4 {[%clk 0:15:08]} c5 {[%clk 0:14:58]} 2. Nf3 {[%clk 0:15:10]} Nc6 {[%clk
0:15:01]} 3. Bb5 {[%clk 0:15:12]} g6 {[%clk 0:15:04]} 4. Bxc6 {[%clk 0:15:04]}
bxc6 {[%clk 0:15:05]} 5. O-O {[%clk 0:15:00]} Bg7 {[%clk 0:15:09]} 6. Re1 {[%clk
0:14:58]} Nh6 {[%clk 0:15:10]} 7. c3 {[%clk 0:14:33]} O-O {[%clk 0:15:00]} 8. d4
{[%clk 0:14:36]} cxd4 {[%clk 0:14:38]} 9. cxd4 {[%clk 0:14:39]} f6 {[%clk
0:14:32]} 10. Nc3 {[%clk 0:13:40]} Nf7 {[%clk 0:14:33]} 11. Bf4 {[%clk 0:11:57]}
e5 {[%clk 0:14:29]} 12. Be3 {[%clk 0:11:14]} d6 {[%clk 0:13:24]} 13. Rc1 {[%clk
0:10:55]} Qe7 {[%clk 0:09:07]} 14. h3 {[%clk 0:09:38]} Qb7 {[%clk 0:07:54]} 15.
b3 {[%clk 0:09:20]} h6 {[%clk 0:07:14]} 16. Na4 {[%clk 0:08:06]} Re8 {[%clk
0:06:56]} 17. Qc2 {[%clk 0:07:22]} Bd7 {[%clk 0:06:11]} 18. Red1 {[%clk 0:06:03]}
exd4 {[%clk 0:05:52]} 19. Nxd4 {[%clk 0:02:15]} c5 {[%clk 0:05:52]} 20. Ne2
{[%clk 0:01:53]} Bxa4 {[%clk 0:03:45]} 21. bxa4 {[%clk 0:01:56]} Qxe4 {[%clk
0:03:46]} 22. Qd2 {[%clk 0:01:26]} f5 {[%clk 0:03:24]} 23. Nc3 {[%clk 0:00:18]}
Bxc3 {[%clk 0:02:50]} 24. Qxc3 {[%clk 0:00:09]} Re6 {[%clk 0:02:52]} 25. Re1
{[%clk 0:00:09]} 0-1

[Event "Campeonato de España Rapid 2017"]
[Site "Linares"]
[Date "2017.08.13"]
[Round "2"]
[White "Saez, Frederic"]
[Black "Volkov, Sergey"]
[Result "0-1"]
[Board "11"]
[WhiteTitle "FM"]
[WhiteElo "2233"]
[WhiteCountry "FRA"]
[WhiteFideId "614076"]
[WhiteEloChange "-2"]
[BlackTitle "GM"]
[BlackElo "2592"]
[BlackCountry "RUS"]
[BlackFideId "4122763"]
[BlackEloChange "1"]

1. c4 {[%clk 0:15:05]} c6 {[%clk 0:15:03]} 2. Nf3 {[%clk 0:15:06]} d5 {[%clk
0:15:05]} 3. b3 {[%clk 0:15:08]} Bf5 {[%clk 0:14:58]} 4. Bb2 {[%clk 0:14:50]} e6
{[%clk 0:14:57]} 5. g3 {[%clk 0:14:40]} Nf6 {[%clk 0:14:54]} 6. Bg2 {[%clk
0:14:37]} Be7 {[%clk 0:14:44]} 7. O-O {[%clk 0:14:36]} O-O {[%clk 0:14:44]} 8. d3
{[%clk 0:14:31]} h6 {[%clk 0:14:43]} 9. Nbd2 {[%clk 0:14:24]} a5 {[%clk 0:14:30]}
10. a3 {[%clk 0:13:37]} Bh7 {[%clk 0:14:25]} 11. Rc1 {[%clk 0:13:35]} Qb6 {[%clk
0:13:47]} 12. Rc2 {[%clk 0:11:59]} Nbd7 {[%clk 0:13:45]} 13. Qa1 {[%clk 0:11:49]}
Rfc8 {[%clk 0:13:45]} 14. Ne5 {[%clk 0:11:04]} Nxe5 {[%clk 0:13:23]} 15. Bxe5
{[%clk 0:11:06]} Qd8 {[%clk 0:13:17]} 16. Nf3 {[%clk 0:10:34]} b5 {[%clk
0:12:53]} 17. cxb5 {[%clk 0:08:54]} cxb5 {[%clk 0:12:55]} 18. Rfc1 {[%clk
0:08:57]} Rxc2 {[%clk 0:12:45]} 19. Rxc2 {[%clk 0:09:01]} Rc8 {[%clk 0:12:38]}
20. Rxc8 {[%clk 0:07:21]} Qxc8 {[%clk 0:12:40]} 21. a4 {[%clk 0:06:41]} b4 {[%clk
0:12:14]} 22. Qb2 {[%clk 0:06:03]} Ne8 {[%clk 0:11:14]} 23. Bd4 {[%clk 0:04:34]}
Kf8 {[%clk 0:10:24]} 24. Bh3 {[%clk 0:03:59]} Qc7 {[%clk 0:09:53]} 25. Kg2 {[%clk
0:03:15]} Bd6 {[%clk 0:09:10]} 26. Kg1 {[%clk 0:01:32]} Bc5 {[%clk 0:07:52]} 27.
Be5 {[%clk 0:00:55]} Bd6 {[%clk 0:07:49]} 28. Bd4 {[%clk 0:00:59]} Bg8 {[%clk
0:07:35]} 29. Ne5 {[%clk 0:00:37]} f6 {[%clk 0:07:19]} 30. Ng6+ {[%clk 0:00:28]}
Kf7 {[%clk 0:07:21]} 31. Nh8+ {[%clk 0:00:28]} Ke7 {[%clk 0:07:22]} 32. Ng6+
{[%clk 0:00:31]} Kd8 {[%clk 0:07:23]} 33. f4 {[%clk 0:00:24]} Bc5 {[%clk
0:06:55]} 34. Kg2 {[%clk 0:00:28]} Qb6 {[%clk 0:06:29]} 35. e3 {[%clk 0:00:21]}
Bxd4 {[%clk 0:06:29]} 36. Qxd4 {[%clk 0:00:24]} Qxd4 {[%clk 0:06:22]} 37. exd4
{[%clk 0:00:28]} Nc7 {[%clk 0:05:52]} 38. Kf3 {[%clk 0:00:22]} Bh7 {[%clk
0:05:54]} 39. Nf8 {[%clk 0:00:25]} Bxd3 {[%clk 0:05:43]} 40. Nxe6+ {[%clk
0:00:27]} Nxe6 {[%clk 0:05:45]} 41. Bxe6 {[%clk 0:00:30]} Be4+ {[%clk 0:05:47]}
42. Ke3 {[%clk 0:00:33]} Ke7 {[%clk 0:05:49]} 43. Bg8 {[%clk 0:00:30]} g5 {[%clk
0:05:19]} 44. Kd2 {[%clk 0:00:28]} Kf8 {[%clk 0:04:31]} 45. Be6 {[%clk 0:00:32]}
Kg7 {[%clk 0:04:35]} 46. Ke3 {[%clk 0:00:34]} Kg6 {[%clk 0:04:38]} 47. fxg5
{[%clk 0:00:23]} hxg5 {[%clk 0:04:21]} 48. Bg8 {[%clk 0:00:21]} f5 {[%clk
0:04:12]} 49. Be6 {[%clk 0:00:22]} Kf6 {[%clk 0:04:10]} 50. Bg8 {[%clk 0:00:26]}
Kg6 {[%clk 0:03:55]} 51. Be6 {[%clk 0:00:29]} Kh5 {[%clk 0:03:57]} 52. Ke2 {[%clk
0:00:16]} f4 {[%clk 0:03:47]} 53. gxf4 {[%clk 0:00:15]} gxf4 {[%clk 0:03:49]} 54.
Kf2 {[%clk 0:00:18]} Kg5 {[%clk 0:03:44]} 55. Ke2 {[%clk 0:00:15]} Kf6 {[%clk
0:03:47]} 56. Bg8 {[%clk 0:00:19]} Ke7 {[%clk 0:03:50]} 57. Kd2 {[%clk 0:00:13]}
Kd6 {[%clk 0:03:53]} 58. h4 {[%clk 0:00:17]} Ke7 {[%clk 0:03:48]} 59. h5 {[%clk
0:00:14]} Kf8 {[%clk 0:03:52]} 60. Be6 {[%clk 0:00:18]} Kg7 {[%clk 0:03:55]} 61.
Bg4 {[%clk 0:00:13]} Kh6 {[%clk 0:03:52]} 62. Bd1 {[%clk 0:00:17]} Kg5 {[%clk
0:03:51]} 63. Ke1 {[%clk 0:00:21]} Bf5 {[%clk 0:03:07]} 64. Bf3 {[%clk 0:00:21]}
Be6 {[%clk 0:03:05]} 65. Kf2 {[%clk 0:00:24]} Bf7 {[%clk 0:03:07]} 66. Kg2 {[%clk
0:00:18]} Bxh5 {[%clk 0:03:02]} 67. Bxd5 {[%clk 0:00:21]} Kf5 {[%clk 0:03:03]}
68. Kf2 {[%clk 0:00:24]} Bd1 {[%clk 0:03:01]} 69. Ke1 {[%clk 0:00:26]} Bc2 {[%clk
0:03:04]} 70. Kf2 {[%clk 0:00:28]} Be4 {[%clk 0:03:01]} 71. Bc4 {[%clk 0:00:33]}
Kf6 {[%clk 0:02:59]} 72. Be2 {[%clk 0:00:16]} Bd5 {[%clk 0:03:02]} 73. Bd1 {[%clk
0:00:20]} Kf5 {[%clk 0:02:57]} 74. Bc2+ {[%clk 0:00:24]} Be4 {[%clk 0:03:00]} 75.
Bd1 {[%clk 0:00:28]} Ke6 {[%clk 0:03:04]} 76. Ke2 {[%clk 0:00:14]} Kd5 {[%clk
0:03:07]} 77. Kd2 {[%clk 0:00:13]} Kxd4 {[%clk 0:03:09]} 78. Be2 {[%clk 0:00:18]}
Bd5 {[%clk 0:03:08]} 0-1

[Event "Campeonato de España Rapid 2017"]
[Site "Linares"]
[Date "2017.08.13"]
[Round "2"]
[White "Arizmendi Martinez, Julen Luis"]
[Black "Sanchez Jimenez, Juan Carlos"]
[Result "1-0"]
[Board "12"]
[WhiteTitle "GM"]
[WhiteElo "2586"]
[WhiteCountry "ESP"]
[WhiteFideId "2205092"]
[WhiteEloChange "1"]
[BlackTitle "FM"]
[BlackElo "2217"]
[BlackCountry "ESP"]
[BlackFideId "2206331"]
[BlackEloChange "-2"]

1. e4 {[%clk 0:15:05]} e6 {[%clk 0:15:07]} 2. d4 {[%clk 0:15:11]} d5 {[%clk
0:15:09]} 3. Nd2 {[%clk 0:15:14]} Nf6 {[%clk 0:15:06]} 4. e5 {[%clk 0:15:16]}
Nfd7 {[%clk 0:15:07]} 5. Bd3 {[%clk 0:15:13]} c5 {[%clk 0:15:10]} 6. c3 {[%clk
0:15:16]} Nc6 {[%clk 0:15:11]} 7. Ne2 {[%clk 0:15:17]} cxd4 {[%clk 0:15:08]} 8.
cxd4 {[%clk 0:15:19]} f6 {[%clk 0:15:09]} 9. exf6 {[%clk 0:15:22]} Nxf6 {[%clk
0:15:12]} 10. O-O {[%clk 0:15:04]} Bd6 {[%clk 0:15:11]} 11. Nf3 {[%clk 0:15:06]}
O-O {[%clk 0:15:04]} 12. Bf4 {[%clk 0:14:31]} Nh5 {[%clk 0:15:04]} 13. Bxd6
{[%clk 0:14:03]} Qxd6 {[%clk 0:15:05]} 14. Ng3 {[%clk 0:12:12]} Nf4 {[%clk
0:14:00]} 15. Bb5 {[%clk 0:11:57]} Bd7 {[%clk 0:12:50]} 16. Bxc6 {[%clk 0:11:50]}
Bxc6 {[%clk 0:11:55]} 17. Re1 {[%clk 0:11:22]} Rf6 {[%clk 0:11:27]} 18. Ne5
{[%clk 0:09:51]} Raf8 {[%clk 0:11:12]} 19. Qd2 {[%clk 0:08:55]} Qe7 {[%clk
0:07:00]} 20. f3 {[%clk 0:06:28]} Rh6 {[%clk 0:05:28]} 21. Ng4 {[%clk 0:06:12]}
Rg6 {[%clk 0:04:26]} 22. Re5 {[%clk 0:05:51]} Rg5 {[%clk 0:03:54]} 23. Rae1
{[%clk 0:05:21]} h5 {[%clk 0:03:53]} 24. Ne2 {[%clk 0:02:08]} hxg4 {[%clk
0:02:42]} 25. Nxf4 {[%clk 0:02:11]} gxf3 {[%clk 0:02:33]} 26. Rxg5 {[%clk
0:01:23]} Qxg5 {[%clk 0:02:20]} 27. g3 {[%clk 0:01:27]} Qf5 {[%clk 0:01:15]} 28.
Kf2 {[%clk 0:00:59]} Rf6 {[%clk 0:00:48]} 29. h4 {[%clk 0:00:45]} Qg4 {[%clk
0:00:35]} 30. Re5 {[%clk 0:00:44]} Rf5 {[%clk 0:00:29]} 31. Qe3 {[%clk 0:00:23]}
Rxe5 {[%clk 0:00:29]} 32. Qxe5 {[%clk 0:00:25]} Kf7 {[%clk 0:00:10]} 33. Qg5
{[%clk 0:00:20]} Qxg5 {[%clk 0:00:13]} 34. hxg5 {[%clk 0:00:24]} Ba4 {[%clk
0:00:13]} 35. b3 {[%clk 0:00:21]} Bb5 {[%clk 0:00:16]} 36. Kxf3 {[%clk 0:00:25]}
Bf1 {[%clk 0:00:09]} 37. Ke3 {[%clk 0:00:25]} Bb5 {[%clk 0:00:10]} 38. Kd2 {[%clk
0:00:24]} Ke7 {[%clk 0:00:07]} 39. Ng6+ {[%clk 0:00:22]} Kd6 {[%clk 0:00:09]} 40.
Ne5 {[%clk 0:00:26]} a5 {[%clk 0:00:10]} 41. a3 {[%clk 0:00:17]} a4 {[%clk
0:00:12]} 42. bxa4 {[%clk 0:00:18]} Bxa4 {[%clk 0:00:16]} 43. Kc3 {[%clk
0:00:22]} b6 {[%clk 0:00:18]} 44. Kb4 {[%clk 0:00:15]} Be8 {[%clk 0:00:22]} 45.
Kc3 {[%clk 0:00:11]} Kc7 {[%clk 0:00:25]} 46. Nd3 {[%clk 0:00:12]} Kd6 {[%clk
0:00:28]} 47. Kd2 {[%clk 0:00:15]} Kc6 {[%clk 0:00:30]} 48. Kc3 {[%clk 0:00:13]}
Kd6 {[%clk 0:00:31]} 49. Ne5 {[%clk 0:00:17]} Kc7 {[%clk 0:00:31]} 50. Kd2 {[%clk
0:00:19]} Kb7 {[%clk 0:00:33]} 51. Kc2 {[%clk 0:00:12]} Kc7 {[%clk 0:00:38]} 52.
Kc3 {[%clk 0:00:16]} Kb7 {[%clk 0:00:42]} 53. Nd3 {[%clk 0:00:10]} Kc7 {[%clk
0:00:44]} 54. Kd2 {[%clk 0:00:13]} Bg6 {[%clk 0:00:40]} 55. Ne5 {[%clk 0:00:16]}
Be8 {[%clk 0:00:38]} 56. Ke3 {[%clk 0:00:18]} Kb7 {[%clk 0:00:43]} 57. Nd3 {[%clk
0:00:19]} Kc7 {[%clk 0:00:43]} 58. Kf4 {[%clk 0:00:22]} Kd6 {[%clk 0:00:48]} 59.
Ne1 {[%clk 0:00:12]} Bg6 {[%clk 0:00:49]} 60. Nf3 {[%clk 0:00:14]} Be4 {[%clk
0:00:49]} 61. Ne5 {[%clk 0:00:17]} g6 {[%clk 0:00:53]} 62. Ng4 {[%clk 0:00:12]}
Bf5 {[%clk 0:00:52]} 63. Ne3 {[%clk 0:00:13]} Be4 {[%clk 0:00:56]} 64. Nd1 {[%clk
0:00:16]} Bc2 {[%clk 0:00:45]} 65. Nc3 {[%clk 0:00:20]} Bd3 {[%clk 0:00:49]} 66.
Na4 {[%clk 0:00:22]} b5 {[%clk 0:00:48]} 67. Nc3 {[%clk 0:00:16]} Bc4 {[%clk
0:00:50]} 68. Nd1 {[%clk 0:00:15]} Be2 {[%clk 0:00:49]} 69. Nf2 {[%clk 0:00:19]}
Bc4 {[%clk 0:00:45]} 70. Ng4 {[%clk 0:00:17]} Ba2 {[%clk 0:00:46]} 71. Ne5 {[%clk
0:00:17]} Bb1 {[%clk 0:00:50]} 72. Ke3 {[%clk 0:00:20]} Bc2 {[%clk 0:00:30]} 73.
Kd2 {[%clk 0:00:23]} Ba4 {[%clk 0:00:32]} 74. Nxg6 {[%clk 0:00:26]} 1-0

[Event "Campeonato de España Rapid 2017"]
[Site "Linares"]
[Date "2017.08.13"]
[Round "2"]
[White "Gonzalez Diaz, Julio"]
[Black "Saric, Ivan"]
[Result "0-1"]
[Board "13"]
[WhiteElo "2227"]
[WhiteCountry "ESP"]
[WhiteFideId "2207613"]
[WhiteEloChange "-2"]
[BlackTitle "GM"]
[BlackElo "2586"]
[BlackCountry "CRO"]
[BlackFideId "14508150"]
[BlackEloChange "1"]

1. e4 {[%clk 0:15:07]} c5 {[%clk 0:15:10]} 2. Nc3 {[%clk 0:15:08]} d6 {[%clk
0:15:13]} 3. Nge2 {[%clk 0:15:10]} Nf6 {[%clk 0:15:08]} 4. d4 {[%clk 0:15:13]}
cxd4 {[%clk 0:15:12]} 5. Nxd4 {[%clk 0:15:17]} a6 {[%clk 0:15:16]} 6. f4 {[%clk
0:15:10]} Nc6 {[%clk 0:15:16]} 7. Nxc6 {[%clk 0:14:25]} bxc6 {[%clk 0:15:21]} 8.
e5 {[%clk 0:14:27]} Ng4 {[%clk 0:14:58]} 9. Be2 {[%clk 0:13:54]} Nh6 {[%clk
0:14:16]} 10. Bf3 {[%clk 0:11:59]} d5 {[%clk 0:14:17]} 11. Be3 {[%clk 0:11:25]}
e6 {[%clk 0:14:20]} 12. O-O {[%clk 0:11:17]} Rb8 {[%clk 0:13:55]} 13. Na4 {[%clk
0:10:57]} Nf5 {[%clk 0:13:59]} 14. Bf2 {[%clk 0:10:59]} Rb4 {[%clk 0:13:49]} 15.
b3 {[%clk 0:10:38]} Rxf4 {[%clk 0:13:48]} 16. Qd2 {[%clk 0:08:55]} Rb4 {[%clk
0:11:12]} 17. c4 {[%clk 0:08:51]} Be7 {[%clk 0:11:04]} 18. cxd5 {[%clk 0:08:31]}
cxd5 {[%clk 0:11:03]} 19. Rac1 {[%clk 0:07:51]} O-O {[%clk 0:11:03]} 20. Rc6
{[%clk 0:07:46]} Bd7 {[%clk 0:10:58]} 21. Bc5 {[%clk 0:03:56]} Rxa4 {[%clk
0:10:42]} 22. Bxe7 {[%clk 0:03:44]} Qxe7 {[%clk 0:10:12]} 23. Rc7 {[%clk
0:03:48]} Rd4 {[%clk 0:09:21]} 24. Qc3 {[%clk 0:03:44]} Qd8 {[%clk 0:09:08]} 25.
g4 {[%clk 0:03:41]} Bb5 {[%clk 0:09:09]} 26. gxf5 {[%clk 0:03:12]} Bxf1 {[%clk
0:08:58]} 27. Qxd4 {[%clk 0:02:20]} Qxc7 {[%clk 0:09:00]} 28. Kxf1 {[%clk
0:02:23]} Qc1+ {[%clk 0:08:59]} 0-1

[Event "Campeonato de España Rapid 2017"]
[Site "Linares"]
[Date "2017.08.13"]
[Round "2"]
[White "Vinuela Diaz, Saul"]
[Black "Alonso Rosell, Alvar"]
[Result "0-1"]
[Board "15"]
[WhiteElo "2216"]
[WhiteCountry "ESP"]
[WhiteFideId "2239639"]
[WhiteEloChange "-2"]
[BlackTitle "GM"]
[BlackElo "2560"]
[BlackCountry "ESP"]
[BlackFideId "2270544"]
[BlackEloChange "1"]

1. d4 {[%clk 0:15:08]} d5 {[%clk 0:15:05]} 2. c4 {[%clk 0:15:12]} e6 {[%clk
0:15:09]} 3. Nf3 {[%clk 0:15:14]} Nf6 {[%clk 0:15:12]} 4. g3 {[%clk 0:15:15]}
Bb4+ {[%clk 0:15:14]} 5. Bd2 {[%clk 0:15:10]} Bd6 {[%clk 0:15:18]} 6. Bg2 {[%clk
0:15:05]} Nbd7 {[%clk 0:15:12]} 7. Qc2 {[%clk 0:14:46]} c6 {[%clk 0:14:30]} 8.
O-O {[%clk 0:14:38]} O-O {[%clk 0:14:32]} 9. Bg5 {[%clk 0:13:13]} h6 {[%clk
0:14:21]} 10. Bxf6 {[%clk 0:13:12]} Nxf6 {[%clk 0:14:24]} 11. Nbd2 {[%clk
0:13:15]} b6 {[%clk 0:13:54]} 12. e4 {[%clk 0:13:03]} Be7 {[%clk 0:13:58]} 13.
Rac1 {[%clk 0:11:38]} Bb7 {[%clk 0:13:48]} 14. Rfd1 {[%clk 0:11:30]} Rc8 {[%clk
0:13:40]} 15. Qb1 {[%clk 0:09:46]} Re8 {[%clk 0:13:14]} 16. a3 {[%clk 0:09:18]}
Ba8 {[%clk 0:11:10]} 17. e5 {[%clk 0:06:36]} Nd7 {[%clk 0:11:13]} 18. cxd5 {[%clk
0:06:39]} cxd5 {[%clk 0:11:14]} 19. Bf1 {[%clk 0:06:29]} Nb8 {[%clk 0:11:03]} 20.
b4 {[%clk 0:05:39]} Qd7 {[%clk 0:11:02]} 21. Qb3 {[%clk 0:05:31]} a6 {[%clk
0:10:28]} 22. b5 {[%clk 0:04:59]} axb5 {[%clk 0:08:45]} 23. Bxb5 {[%clk 0:05:02]}
Bc6 {[%clk 0:08:49]} 24. a4 {[%clk 0:04:59]} Qa7 {[%clk 0:08:44]} 25. Rb1 {[%clk
0:03:46]} Bd7 {[%clk 0:08:07]} 26. h4 {[%clk 0:02:45]} Nc6 {[%clk 0:07:59]} 27.
Rdc1 {[%clk 0:02:30]} Nb4 {[%clk 0:07:55]} 28. Ne1 {[%clk 0:01:29]} Bxb5 {[%clk
0:05:47]} 29. axb5 {[%clk 0:01:33]} Qa5 {[%clk 0:05:51]} 30. Nd3 {[%clk 0:01:17]}
Na2 {[%clk 0:05:44]} 31. Rc2 {[%clk 0:00:58]} Nc3 {[%clk 0:05:17]} 32. Re1 {[%clk
0:00:44]} Nxb5 {[%clk 0:05:02]} 33. Nf3 {[%clk 0:00:35]} Na3 {[%clk 0:04:38]} 34.
Rxc8 {[%clk 0:00:28]} Rxc8 {[%clk 0:04:42]} 35. Ra1 {[%clk 0:00:31]} Rc3 {[%clk
0:03:34]} 36. Qd1 {[%clk 0:00:24]} b5 {[%clk 0:02:50]} 37. Nc1 {[%clk 0:00:09]}
b4 {[%clk 0:02:43]} 38. Kg2 {[%clk 0:00:06]} Qb5 {[%clk 0:02:35]} 39. Na2 {[%clk
0:00:07]} Rc2 {[%clk 0:02:36]} 40. Nc1 {[%clk 0:00:07]} b3 {[%clk 0:02:35]} 41.
Nd3 {[%clk 0:00:06]} b2 {[%clk 0:01:28]} 42. Rxa3 {[%clk 0:00:07]} b1Q {[%clk
0:01:12]} 0-1

[Event "Campeonato de España Rapid 2017"]
[Site "Linares"]
[Date "2017.08.13"]
[Round "2"]
[White "Dvirnyy, Danyyil"]
[Black "Hernandez Estevez, Yudania"]
[Result "1-0"]
[Board "16"]
[WhiteTitle "GM"]
[WhiteElo "2555"]
[WhiteCountry "ITA"]
[WhiteFideId "817570"]
[WhiteEloChange "1"]
[BlackTitle "WIM"]
[BlackElo "2196"]
[BlackCountry "ESP"]
[BlackFideId "2219344"]
[BlackEloChange "-2"]

1. d4 {[%clk 0:14:50]} d5 {[%clk 0:15:08]} 2. c4 {[%clk 0:14:53]} c6 {[%clk
0:15:12]} 3. Nf3 {[%clk 0:14:57]} Nf6 {[%clk 0:15:15]} 4. e3 {[%clk 0:15:00]} a6
{[%clk 0:15:16]} 5. Bd3 {[%clk 0:14:55]} Bg4 {[%clk 0:14:47]} 6. h3 {[%clk
0:14:56]} Bh5 {[%clk 0:14:40]} 7. Nc3 {[%clk 0:14:51]} e6 {[%clk 0:14:42]} 8. O-O
{[%clk 0:14:51]} Nbd7 {[%clk 0:14:32]} 9. b3 {[%clk 0:14:36]} Bd6 {[%clk
0:13:42]} 10. Bb2 {[%clk 0:14:36]} O-O {[%clk 0:13:45]} 11. Be2 {[%clk 0:14:32]}
Qe7 {[%clk 0:13:39]} 12. Ne5 {[%clk 0:14:34]} Bxe2 {[%clk 0:13:23]} 13. Nxe2
{[%clk 0:14:37]} Ba3 {[%clk 0:13:25]} 14. Qc2 {[%clk 0:14:10]} Rfd8 {[%clk
0:13:10]} 15. cxd5 {[%clk 0:13:30]} exd5 {[%clk 0:12:58]} 16. Nd3 {[%clk
0:13:21]} Ne4 {[%clk 0:12:16]} 17. Rae1 {[%clk 0:13:18]} Bd6 {[%clk 0:12:05]} 18.
f3 {[%clk 0:13:18]} Ng3 {[%clk 0:12:01]} 19. Nxg3 {[%clk 0:13:12]} Bxg3 {[%clk
0:12:04]} 20. Re2 {[%clk 0:13:15]} f5 {[%clk 0:11:30]} 21. Bc3 {[%clk 0:11:54]}
Re8 {[%clk 0:10:28]} 22. Bb4 {[%clk 0:11:25]} Bd6 {[%clk 0:09:19]} 23. Be1 {[%clk
0:11:22]} Qg5 {[%clk 0:08:51]} 24. f4 {[%clk 0:09:39]} Qe7 {[%clk 0:08:27]} 25.
Ne5 {[%clk 0:09:43]} Qe6 {[%clk 0:07:18]} 26. g4 {[%clk 0:09:29]} Rf8 {[%clk
0:07:00]} 27. Rg2 {[%clk 0:09:26]} Bxe5 {[%clk 0:05:50]} 28. dxe5 {[%clk
0:09:26]} b6 {[%clk 0:05:16]} 29. Bb4 {[%clk 0:09:19]} Rf7 {[%clk 0:05:06]} 30.
Bd6 {[%clk 0:09:16]} c5 {[%clk 0:04:12]} 31. Qd3 {[%clk 0:09:16]} fxg4 {[%clk
0:03:29]} 32. hxg4 {[%clk 0:09:12]} 1-0